000 01549nam a2200193 i 4500
001 768714001
003 CO-MdFUSB
005 20220725151209.0
008 220725t1984 ck |||| |||| 00| 0 spa d
040 _bspa
_cCO-MdFUSB
_dCO-MdFUSB
041 _aspa
100 _aBabel, Issaak E.
_eautor
245 _aCaballería roja
_c/ Issaak E. Babel
300 _aVolumen 9, (1984) páginas 379 - 471
_c22 cm
520 _aCaballería roja es una serie de relatos cortos realizados a partir de las anotaciones que en su diario (también publicado como libro) hace el escritor durante su participación como comisario político en el Primer Ejército de Caballería soviético, capitaneado en ese momento por Budienny, en territorio polaco durante 1920-21. Dichos escritos, que empieza a dar forma de relato alrededor de 1923 y que años más tarde fueron reunidos bajo el nombre de este libro, sufrieron diferentes variaciones por la meticulosidad del autor. Estamos ante una obra que a pesar de su aspecto fragmentado perfectamente se podría reconstruir en una novela, con sus personajes e historias continuadas. Cada relato supone una pincelada, más o menos amplia, de un retrato costumbrista de lo que se fraguaba en el campo de batalla. Alejado de heroísmos se nos muestra de una manera humana (tristemente humana) a todos los que toman parte, de la manera que sea, en la guerra.
653 _aLiteratura rusa
773 0 _067924
_981148
_aOveja Negra,
_o24698
_tMaestros de la literatura universal
_w(CO-MdFUSB)768714001
_z8482806718
942 _cBK
999 _c67992
_d67992